[Event "U.S. Open"]
[Site "Atlanta, Ga."]
[Date "1980.08.10"]
[Round "7"]
[White "Moody, David"]
[Black "Raney, Paul"]
[Result "1-0"]
[WhiteElo "1826"]
[BlackElo "1619"]
[PlyCount "33"]
[EventDate "1980.08.03"]

1. e4 c5 2. Nf3 Nc6 3. d4 cxd4 4. Nxd4 g6 5. Bc4 Bg7 6. Be3 d6 7. Nc3 Bd7 8.
Qd2 Nf6 9. f3 Ne5 10. Bb3 a6 11. Bh6 O-O 12. h4 Nc6 13. Nxc6 Bxc6 14. h5 Qa5
15. hxg6 hxg6 16. Bxg7 Nh5 17. Qh6 1-0

[Event "Sunday 30-30"]
[Site "Atlanta, Ga."]
[Date "1980.08.10"]
[Round "3"]
[White "Marfia, Jim"]
[Black "Moody, David"]
[Result "1/2-1/2"]
[WhiteElo "2171"]
[BlackElo "1826"]
[PlyCount "85"]
[EventDate "1980.08.10"]

1. e4 e5 2. Nf3 Nc6 3. Bb5 a6 4. Bxc6 dxc6 5. O-O Qd6 6. d3 Be7 7. Nbd2 Be6 8.
b3 f6 9. Bb2 O-O-O 10. d4 exd4 11. Nxd4 Nh6 12. Nxe6 Qxe6 13. Qe2 Nf7 14. Rfe1
Bd6 15. Nf3 Ne5 16. Nd4 Qf7 17. Rad1 Ng6 18. Qg4+ Kb8 19. Qe6 Qxe6 20. Nxe6 Rd7
21. f4 Nf8 22. Nxf8 Rxf8 23. g3 Bc5+ 24. Kg2 Rfd8 25. Rxd7 Rxd7 26. Kf3 Rd2 27.
Re2 Rd1 28. e5 f5 29. h3 g6 30. e6 Be7 31. g4 Kc8 32. g5 Kd8 33. Bf6 Ke8 34.
Bc3 Bc5 35. Bf6 Be7 36. c3 h5 37. b4 Rd3+ 38. Re3 Rxe3+ 39. Kxe3 b5 40. Kd4 Bd6
41. Ke3 Kf8 42. Kf3 Ke8 43. Ke3 1/2-1/2

[Event "Monday Swiss #2"]
[Site "Atlanta, Ga."]
[Date "1980.08.11"]
[Round "3"]
[White "Moody, David"]
[Black "Herrstrom, Tony"]
[Result "1/2-1/2"]
[WhiteElo "1826"]
[BlackElo "1966"]
[PlyCount "68"]
[EventDate "1980.08.11"]

1. e4 e5 2. Nf3 Nc6 3. d4 exd4 4. Bc4 Nf6 5. O-O Bc5 6. e5 d5 7. exf6 dxc4 8.
Re1+ Be6 9. Ng5 Qd5 10. Nc3 Qf5 11. Nce4 O-O-O 12. fxg7 Rhg8 13. Nxc5 Qxc5 14.
Rxe6 fxe6 15. Nxe6 Qd6 16. Nxd8 Nxd8 17. Qg4+ Qd7 18. Qxd7+ Kxd7 19. Bh6 Ne6
20. Rd1 c5 21. f4 Nxg7 22. Bxg7 Rxg7 23. Kf2 Kd6 24. Kf3 Re7 25. g4 Re3+ 26.
Kf2 Kd5 27. Re1 Rxe1 28. Kxe1 Ke4 29. f5 Ke5 30. a4 h5 31. h3 hxg4 32. hxg4 Kf6
33. Kd2 Kg5 34. c3 b6 1/2-1/2

[Event "Monday Swiss #2"]
[Site "Atlanta, Ga."]
[Date "1980.08.11"]
[Round "1"]
[White "Moody, David"]
[Black "Carlin, Alfred"]
[Result "1-0"]
[WhiteElo "1826"]
[BlackElo "2110"]
[PlyCount "39"]
[EventDate "1980.08.11"]

1. e4 e5 2. Nf3 Nc6 3. d4 exd4 4. Bc4 Nf6 5. O-O d5 6. exd5 Nxd5 7. Re1+ Be7 8.
Nxd4 Kf8 9. Nc3 Nxc3 10. bxc3 Na5 11. Bxf7 c5 12. Ne6+ Bxe6 13. Bxe6 Qxd1 14.
Rxd1 Rd8 15. Be3 b6 16. Rxd8+ Bxd8 17. Rd1 Ke7 18. Bh3 Nc6 19. Rd7+ Kf8 20. Rd6
1-0

[Event "U.S. Open"]
[Site "Atlanta, Ga."]
[Date "1980.08.11"]
[Round "8"]
[White "Miller, Russell"]
[Black "Moody, David"]
[Result "0-1"]
[WhiteElo "1658"]
[BlackElo "1826"]
[PlyCount "62"]
[EventDate "1980.08.03"]

1. d4 Nf6 2. c4 c5 3. d5 e6 4. Nc3 exd5 5. cxd5 d6 6. Bg5 g6 7. Nf3 Bg7 8. e4
O-O 9. Bd3 Bg4 10. h3 Bxf3 11. Qxf3 Nbd7 12. O-O a6 13. Rfe1 b5 14. b3 Qc7 15.
Rac1 Rfe8 16. Bf4 Ne5 17. Qd1 Re7 18. f3 Rae8 19. Ne2 h6 20. Kh1 Qb6 21. Be3
Nxd5 22. Bxc5 dxc5 23. exd5 Nxd3 24. Qxd3 c4 25. bxc4 Qf2 26. d6 Rxe2 27. Rxe2
Rxe2 28. Rg1 Bd4 29. Qd1 Qxg1+ 30. Qxg1 Bxg1 31. Kxg1 bxc4 0-1

[Event "Monday Swiss #2"]
[Site "Atlanta, Ga."]
[Date "1980.08.11"]
[Round "2"]
[White "Freitag, David"]
[Black "Moody, David"]
[Result "1-0"]
[WhiteElo "1880"]
[BlackElo "1826"]
[PlyCount "29"]
[EventDate "1980.08.11"]

1. c4 Nf6 2. Nc3 c5 3. Nf3 Nc6 4. g3 g6 5. Bg2 Bg7 6. O-O O-O 7. d4 cxd4 8.
Nxd4 Rb8 9. a3 a6 10. c5 Nxd4 11. Qxd4 Qc7 12. Bf4 d6 13. cxd6 Qd7 14. Rfd1 Ne8
15. Qa7 1-0

[Event "U.S. Open"]
[Site "Atlanta, Ga."]
[Date "1980.08.12"]
[Round "9"]
[White "Moody, David"]
[Black "Johnson, James"]
[Result "1-0"]
[WhiteElo "1826"]
[BlackElo "1439"]
[PlyCount "117"]
[EventDate "1980.08.03"]

1. e4 d5 2. exd5 Nf6 3. d4 Nxd5 4. Nf3 Bg4 5. Bc4 e6 6. O-O Be7 7. Qe2 O-O 8.
Re1 c6 9. Nc3 Nf6 10. h3 Bxf3 11. gxf3 Qxd4 12. Bg5 Qb6 13. Rad1 Nbd7 14. Rxd7
Nxd7 15. Bxe7 Rfe8 16. Ba3 Nf6 17. Ne4 Nxe4 18. fxe4 Rad8 19. Bd3 Rd7 20. e5 g6
21. b3 Qd4 22. Bc1 Qh4 23. Kh2 h6 24. Rg1 Rd5 25. Qf3 Qd4 26. Bxg6 Qxe5+ 27.
Bf4 Qf6 28. Be4+ Kh8 29. Bxd5 cxd5 30. Qg3 e5 31. Re1 e4 32. Rg1 Kh7 33. Be3 d4
34. Qf4 Qxf4+ 35. Bxf4 Rc8 36. Rc1 h5 37. Kg3 Kg6 38. h4 Rc3+ 39. Kg2 Kf5 40.
Bd2 Rf3 41. Re1 Ke5 42. Rh1 Rf6 43. Rh3 Rc6 44. c4 a6 45. Rg3 f6 46. Rg7 b5 47.
Rh7 bxc4 48. bxc4 Rxc4 49. Rxh5+ f5 50. Kg3 Ra4 51. Bf4+ Ke6 52. Rh6+ Kf7 53.
Rd6 Ra3+ 54. Kg2 d3 55. h5 Ra5 56. h6 Kg8 57. Rd8+ Kh7 58. Rd7+ Kh8 59. Bg5 1-0

[Event "Tuesday 30-30 #2"]
[Site "Atlanta, Ga."]
[Date "1980.08.12"]
[Round "1"]
[White "Moody, David"]
[Black "Jeffrey, Jack"]
[Result "0-1"]
[WhiteElo "1826"]
[BlackElo "1496"]
[PlyCount "64"]
[EventDate "1980.08.12"]

1. e4 Nf6 2. e5 Nd5 3. c4 Nb6 4. d4 d6 5. f4 dxe5 6. fxe5 Nc6 7. Be3 Bf5 8. Nc3
e6 9. Nf3 Nb4 10. Rc1 c5 11. a3 cxd4 12. Nxd4 Nc6 13. Nxc6 bxc6 14. Qf3 Rc8 15.
Be2 Be7 16. O-O O-O 17. Rcd1 Qc7 18. Qg3 Bg6 19. h4 h5 20. Bd3 Bxd3 21. Rxd3
Kh7 22. Bg5 Bc5+ 23. Kh1 Nxc4 24. Qf3 g6 25. Ne4 Nxe5 26. Nf6+ Kh8 27. Bf4 Nxf3
28. Bxc7 Rxc7 29. Rdxf3 Bd4 30. Ne4 Bxb2 31. Ng5 Re7 32. a4 Kg7 0-1

[Event "Tuesday 30-30 #2"]
[Site "Atlanta, Ga."]
[Date "1980.08.12"]
[Round "2"]
[White "Booth, Julian"]
[Black "Moody, David"]
[Result "1-0"]
[WhiteElo "1444"]
[BlackElo "1826"]
[PlyCount "69"]
[EventDate "1980.08.12"]

1. d4 Nf6 2. Nf3 g6 3. c4 c5 4. d5 e6 5. Bg5 exd5 6. cxd5 d6 7. Nc3 Bg7 8. e4
O-O 9. Bd3 Bg4 10. O-O h6 11. Bxf6 Bxf6 12. h3 Bxf3 13. Qxf3 Nd7 14. Rad1 a6
15. Qe2 b5 16. f4 Qb6 17. Kh1 Rfe8 18. Rde1 Bg7 19. Nd1 f5 20. Qf3 c4 21. Bc2
fxe4 22. Bxe4 Rf8 23. Bxg6 Ne5 24. Qg3 Nxg6 25. Qxg6 Rf6 26. Qg4 Qc7 27. Re4
Qf7 28. Re6 Re8 29. Rfe1 Rexe6 30. dxe6 Qf8 31. e7 Qe8 32. f5 Rf7 33. Qg6 d5
34. Re6 Kh8 35. f6 1-0

[Event "U.S. Open"]
[Site "Atlanta, Ga."]
[Date "1980.08.13"]
[Round "10"]
[White "Ferrante, Chris"]
[Black "Moody, David"]
[Result "1-0"]
[WhiteElo "1968"]
[BlackElo "1826"]
[PlyCount "81"]
[EventDate "1980.08.03"]

1. e4 e5 2. Nc3 Nf6 3. f4 d5 4. fxe5 Nxe4 5. d3 Nxc3 6. bxc3 c5 7. Nf3 Nc6 8.
d4 c4 9. Be2 Be7 10. O-O Be6 11. Qe1 O-O 12. Qg3 Kh8 13. Ng5 b5 14. Bh5 Bxg5
15. Bxg5 Qb6 16. a3 a5 17. Kh1 b4 18. axb4 axb4 19. Bf6 gxf6 20. exf6 Rg8 21.
Rxa8 Nb8 22. Qe3 b3 23. Rb1 Qb7 24. Ra3 Bf5 25. Rb2 Bxc2 26. Qe7 Qxe7 27. fxe7
Re8 28. Ra8 Kg7 29. Kg1 Kf6 30. Bf3 Be4 31. Bxe4 dxe4 32. Ra4 Rxe7 33. Rxc4 Rb7
34. Rb4 Rxb4 35. cxb4 Nc6 36. b5 Nxd4 37. b6 Nc6 38. Rxb3 Ke5 39. b7 Nb8 40.
Kf2 Kd4 41. Ke2 1-0

[Event "U.S. Open"]
[Site "Atlanta, Ga."]
[Date "1980.08.14"]
[Round "11"]
[White "Moody, David"]
[Black "Hoeper, James"]
[Result "1/2-1/2"]
[WhiteElo "1826"]
[BlackElo "1601"]
[PlyCount "50"]
[EventDate "1980.08.03"]

1. e4 g6 2. d4 Bg7 3. Nf3 d6 4. Bc4 Nf6 5. Nc3 O-O 6. Bg5 Nbd7 7. Qd2 c5 8.
O-O-O a6 9. dxc5 Nxc5 10. e5 Nfe4 11. Nxe4 Nxe4 12. Qd5 Nxf2 13. exd6 Qxd6 14.
Qxf7+ Rxf7 15. Rxd6 exd6 16. Rf1 Ne4 17. Be3 Bf6 18. Bxf7+ Kxf7 19. Ng5+ Nxg5
20. Bxg5 Bf5 21. Bxf6 Kxf6 22. g4 Re8 23. gxf5 gxf5 24. Kd2 Kg5 25. Rg1+ Kh6
1/2-1/2

[Event "Friday 30-30"]
[Site "Atlanta, Ga."]
[Date "1980.08.15"]
[Round "2"]
[White "Williams, David"]
[Black "Moody, David"]
[Result "1/2-1/2"]
[WhiteElo "1730"]
[BlackElo "1826"]
[PlyCount "49"]
[EventDate "1980.08.15"]

1. c4 Nf6 2. Nc3 c5 3. Nf3 Nc6 4. g3 g6 5. Bg2 Bg7 6. O-O O-O 7. d4 cxd4 8.
Nxd4 Nxd4 9. Qxd4 d6 10. Qd3 Rb8 11. Bd2 Bd7 12. Rac1 Bc6 13. e4 a6 14. b3 Qd7
15. Rfd1 Rfc8 16. Nd5 Bxd5 17. cxd5 Ne8 18. Be3 Rxc1 19. Rxc1 Rc8 20. Rxc8 Qxc8
21. f4 Qc3 22. Qxc3 Bxc3 23. Bb6 Nf6 24. Bf3 Nd7 25. Be3 1/2-1/2

[Event "U.S. Open"]
[Site "Atlanta, Ga."]
[Date "1980.08.15"]
[Round "12"]
[White "Shields, Phil"]
[Black "Moody, David"]
[Result "0-1"]
[WhiteElo "1642"]
[BlackElo "1826"]
[PlyCount "52"]
[EventDate "1980.08.03"]

1. e4 e5 2. f4 exf4 3. Nf3 d6 4. Bc4 g5 5. O-O h6 6. d4 Bg7 7. c3 Nf6 8. Qb3
O-O 9. Nbd2 Nc6 10. Qc2 Na5 11. Bd3 Re8 12. e5 dxe5 13. Nxe5 Ng4 14. Bh7+ Kf8
15. Nxg4 Bxg4 16. Nf3 Nc6 17. b3 Bf6 18. h4 Bxf3 19. Rxf3 Nxd4 20. Ba3+ Kg7 21.
cxd4 Qxd4+ 22. Kh2 Qxa1 23. hxg5 hxg5 24. Qf5 Re1 25. Rxf4 Rh1+ 26. Kg3 gxf4+
0-1

[Event "Friday 30-30"]
[Site "Atlanta, Ga."]
[Date "1980.08.15"]
[Round "1"]
[White "Moody, David"]
[Black "Scott, Gordon"]
[Result "1-0"]
[WhiteElo "1826"]
[BlackElo "1559"]
[PlyCount "51"]
[EventDate "1980.08.15"]

1. Nc3 e6 2. d4 d5 3. e4 c5 4. dxc5 Bxc5 5. exd5 Qh4 6. Bb5+ Bd7 7. Bxd7+ Nxd7
8. Qe2 Ne7 9. Nf3 Qg4 10. dxe6 fxe6 11. Bg5 O-O 12. h3 Qf5 13. Bxe7 Bxe7 14.
Nd4 Qf7 15. Qxe6 Bf6 16. Qxf7+ Rxf7 17. O-O-O Bg5+ 18. Kb1 Rxf2 19. Ne6 Bf6 20.
Rxd7 Bxc3 21. bxc3 Rxg2 22. Rf1 g6 23. Rff7 Rc8 24. Rg7+ Kh8 25. Rxh7+ Kg8 26.
Rdg7# 1-0

[Event "Friday 30-30"]
[Site "Atlanta, Ga."]
[Date "1980.08.15"]
[Round "3"]
[White "Ferguson, Wesley"]
[Black "Moody, David"]
[Result "0-1"]
[WhiteElo "1728"]
[BlackElo "1826"]
[PlyCount "58"]
[EventDate "1980.08.15"]

1. c4 Nf6 2. Nc3 c5 3. g3 Nc6 4. Bg2 g6 5. Nf3 Bg7 6. O-O O-O 7. d4 cxd4 8.
Nxd4 Nxd4 9. Qxd4 d6 10. e4 Ng4 11. Qd3 Ne5 12. Qe2 Be6 13. Nd5 Rc8 14. Bg5 f6
15. Be3 Nxc4 16. Bxa7 Bxd5 17. exd5 b6 18. Rac1 Qc7 19. Bxb6 Qxb6 20. Rxc4 Rxc4
21. Qxc4 Qxb2 22. Re1 Ra8 23. Re2 Qb7 24. a4 Kf7 25. Ra2 f5 26. a5 Rc8 27. Qe2
Rc1+ 28. Bf1 Qb1 29. Ra3 Rc2 0-1

[Event "Trenton Quads (August)"]
[Site "Trenton, Mich."]
[Date "1980.08.24"]
[Round "3"]
[White "Moody, David"]
[Black "Pray, Don"]
[Result "1-0"]
[WhiteElo "1854"]
[BlackElo "1955"]
[PlyCount "37"]
[EventDate "1980.08.24"]

1. e4 e6 2. d4 d5 3. Be3 dxe4 4. f3 Nf6 5. fxe4 Nxe4 6. Nf3 c5 7. Bd3 cxd4 8.
Bxd4 Nf6 9. O-O Nc6 10. Be3 Be7 11. Nc3 O-O 12. Ng5 Ne5 13. Rxf6 Nxd3 14. Qh5
h6 15. Nxf7 Rxf7 16. Rxf7 Bc5 17. Bxc5 Nxc5 18. Rd1 Qb6 19. Qg6 1-0

[Event "Trenton Quads (August)"]
[Site "Trenton, Mich."]
[Date "1980.08.24"]
[Round "2"]
[White "Liptak, Lester"]
[Black "Moody, David"]
[Result "0-1"]
[WhiteElo "1813"]
[BlackElo "1854"]
[PlyCount "38"]
[EventDate "1980.08.24"]

1. c4 Nf6 2. Nf3 c5 3. e3 g6 4. Nc3 Bg7 5. Bd3 Nc6 6. a3 O-O 7. O-O d6 8. h3
Be6 9. Re1 Qd7 10. Ng5 Ne5 11. Nxe6 Qxe6 12. Be2 Nxc4 13. Nb5 Rfc8 14. Qb3 Ne5
15. Qxe6 fxe6 16. d4 Ned7 17. dxc5 Nxc5 18. Nd4 e5 19. Bc4+ d5 0-1

[Event "Trenton Quads (August)"]
[Site "Trenton, Mich."]
[Date "1980.08.24"]
[Round "1"]
[White "Leveson, Morris"]
[Black "Moody, David"]
[Result "1-0"]
[WhiteElo "1874"]
[BlackElo "1854"]
[PlyCount "59"]
[EventDate "1980.08.24"]

1. e4 e5 2. Nf3 Nc6 3. Bb5 a6 4. Ba4 Nf6 5. O-O Be7 6. Re1 b5 7. Bb3 O-O 8. c3
d5 9. exd5 Nxd5 10. Nxe5 Nxe5 11. Rxe5 c6 12. d4 Bd6 13. Re1 Qh4 14. g3 Qh3 15.
Be3 Bg4 16. Qd3 Rae8 17. Nd2 Re6 18. Qf1 Qh5 19. a4 bxa4 20. Rxa4 f5 21. c4 Bh3
22. cxd5 Rg6 23. dxc6+ Kh8 24. Bd1 Qh4 25. Nf3 Bxg3 26. Nxh4 Bxh4+ 27. Kh1 Bxf1
28. Rxf1 Rxc6 29. d5 Rd6 30. Rxh4 1-0

[Event "Michigan Open"]
[Site "Troy, Mich."]
[Date "1980.08.29"]
[Round "1"]
[White "Moody, David"]
[Black "Garwood, Brian"]
[Result "1-0"]
[WhiteElo "1854"]
[BlackElo "1612"]
[PlyCount "57"]
[EventDate "1980.08.29"]

1. e4 d6 2. d4 Nf6 3. Nc3 g6 4. Bg5 Nbd7 5. Qd2 c6 6. Nf3 Qc7 7. O-O-O Bg7 8.
e5 Nd5 9. exd6 Qxd6 10. Bc4 N7b6 11. Bb3 O-O 12. Rhe1 Bf5 13. Nxd5 Nxd5 14.
Bxd5 Qxd5 15. Bxe7 Qxa2 16. Qb4 Bh6+ 17. Bg5 c5 18. dxc5 Qa1+ 19. Kd2 Bxg5+ 20.
Nxg5 Rad8+ 21. Ke2 Rfe8+ 22. Kf3 Rxd1 23. Rxe8+ Kg7 24. Qc3+ Kh6 25. Nxf7+ Kh5
26. Qf6 Qc1 27. Kg3 Rd4 28. Qxd4 g5 29. Qe3 1-0

[Event "Michigan Open"]
[Site "Troy, Mich."]
[Date "1980.08.30"]
[Round "3"]
[White "Moody, David"]
[Black "Marshall, Larry"]
[Result "1/2-1/2"]
[WhiteElo "1854"]
[BlackElo "1672"]
[PlyCount "115"]
[EventDate "1980.08.29"]

1. e4 e6 2. d4 d5 3. Be3 Nf6 4. e5 Nfd7 5. f4 c5 6. c3 Nc6 7. Nf3 cxd4 8. cxd4
Be7 9. Nc3 a6 10. a3 O-O 11. Bd3 f6 12. h4 Qb6 13. Kf1 fxe5 14. Na4 Qa7 15. Ng5
Nf6 16. dxe5 Qxe3 17. exf6 Qxf4+ 18. Ke1 Qg3+ 19. Kd2 Qxg2+ 20. Kc1 Bxf6 21.
Bxh7+ Kh8 22. Be4 Qxe4 23. Nxe4 dxe4 24. Nc3 Bd4 25. Nxe4 Be3+ 26. Kb1 e5 27.
Qh5+ Kg8 28. Ng5 Bf5+ 29. Ka2 Bd3 30. Rad1 Bf5 31. Rhf1 Bf4 32. Rxf4 exf4 33.
Rd5 Bc2 34. Rd7 Rae8 35. Rxb7 Re1 36. b4 Nd4 37. Nf3 Nxf3 38. Qxf3 Be4 39.
Rxg7+ Kxg7 40. Qc3+ Kg6 41. Qxe1 Bd5+ 42. Kb2 Rf5 43. Kc3 f3 44. Qf2 Kf6 45.
Kd2 Re5 46. a4 Re2+ 47. Qxe2 fxe2 48. Kxe2 Bb3 49. b5 a5 50. b6 Bd5 51. Kd3 Ke6
52. h5 Kd7 53. Kd4 Bb3 54. h6 Bc2 55. Kc5 Bd3 56. h7 Bxh7 57. Kb5 Bd3+ 58. Kxa5
1/2-1/2

[Event "Michigan Open"]
[Site "Troy, Mich."]
[Date "1980.08.30"]
[Round "2"]
[White "Hill, Chad"]
[Black "Moody, David"]
[Result "1-0"]
[WhiteElo "2094"]
[BlackElo "1854"]
[PlyCount "27"]
[EventDate "1980.08.29"]

1. e4 e5 2. Nf3 Nc6 3. Bb5 a6 4. Ba4 Nf6 5. O-O Be7 6. Re1 b5 7. Bb3 O-O 8. a4
Bb7 9. Nc3 Nd4 10. Ba2 d5 11. Nxd5 Nxd5 12. exd5 Bxd5 13. Nxd4 Bxa2 14. Nc6 1-0

[Event "Michigan Open"]
[Site "Troy, Mich."]
[Date "1980.08.31"]
[Round "4"]
[White "Winfield, John"]
[Black "Moody, David"]
[Result "0-1"]
[WhiteElo "1524"]
[BlackElo "1854"]
[PlyCount "48"]
[EventDate "1980.08.29"]

1. b3 e5 2. e4 Nf6 3. Nc3 Bc5 4. h3 d5 5. exd5 Nxd5 6. Bb2 Bf5 7. Qf3 Be6 8.
O-O-O O-O 9. Qg3 Nc6 10. Ne4 Qe7 11. Nxc5 Qxc5 12. Bc4 Ndb4 13. a3 Nxc2 14.
Kxc2 b5 15. d3 bxc4 16. dxc4 Nd4+ 17. Kb1 Rab8 18. Bxd4 exd4 19. Ka2 Bxc4 20.
Rb1 Bxb3+ 21. Qxb3 Rxb3 22. Rxb3 Qc2+ 23. Rb2 Qc4+ 24. Kb1 Qf1+ 0-1

[Event "Michigan Open"]
[Site "Troy, Mich."]
[Date "1980.08.31"]
[Round "5"]
[White "Moody, David"]
[Black "Boring, John"]
[Result "1-0"]
[WhiteElo "1854"]
[BlackElo "1962"]
[PlyCount "133"]
[EventDate "1980.08.29"]

1. e4 Nc6 2. d4 e5 3. Nf3 exd4 4. Bc4 Bc5 5. O-O d6 6. c3 Ne5 7. cxd4 Nxc4 8.
Qa4+ c6 9. dxc5 Ne5 10. Rd1 Nxf3+ 11. gxf3 Qf6 12. Rxd6 Qxf3 13. Qd4 Qg4+ 14.
Kh1 Bd7 15. Qe5+ Ne7 16. Nc3 Qf3+ 17. Kg1 Bh3 18. Qg3 Qxg3+ 19. hxg3 Rd8 20.
Bf4 Ng6 21. Rxd8+ Kxd8 22. Rd1+ Kc8 23. Bd6 Re8 24. f3 Bd7 25. Rd4 b6 26. cxb6
axb6 27. Na4 Kb7 28. Rb4 b5 29. Nc5+ Kc8 30. Rb3 Kd8 31. Ra3 Bc8 32. Ra7 Ne5
33. Bc7+ Ke7 34. Bxe5+ Kf8 35. Bd6+ Kg8 36. Ra8 f6 37. a4 bxa4 38. Nxa4 Rd8 39.
Bc5 Kf7 40. Kf2 h5 41. Ke3 Re8 42. Nb6 Be6 43. Rxe8 Kxe8 44. Kd4 g5 45. Bd6 h4
46. gxh4 gxh4 47. Kc5 Bh3 48. Kxc6 Bg2 49. Kd5 Kf7 50. Nc4 Bxf3 51. b4 Ke8 52.
Nd2 Be2 53. Ke6 h3 54. Kxf6 Kd8 55. Bf4 Kd7 56. Nb3 Bh5 57. Nd4 Kc8 58. Ke7 Kb7
59. e5 Kc7 60. e6+ Kc8 61. Kd6 Bg6 62. e7 Bf7 63. Nf5 Bg6 64. Ng7 Kb7 65. e8=Q
Bxe8 66. Nxe8 Kb6 67. Nc7 1-0

[Event "Michigan Open"]
[Site "Troy, Mich."]
[Date "1980.09.01"]
[Round "6"]
[White "Murray, David"]
[Black "Moody, David"]
[Result "1-0"]
[WhiteElo "1987"]
[BlackElo "1854"]
[PlyCount "127"]
[EventDate "1980.08.29"]

1. e4 e5 2. Nf3 Nc6 3. Bb5 a6 4. Ba4 Nf6 5. O-O Be7 6. Re1 b5 7. Bb3 O-O 8. c3
d5 9. exd5 Nxd5 10. Nxe5 Nxe5 11. Rxe5 c6 12. d4 Bd6 13. Re1 Qh4 14. g3 Qh3 15.
Be3 Bg4 16. Qd3 Rae8 17. Qf1 Qh5 18. Nd2 Bh3 19. Bd1 Qf5 20. Qe2 Bf4 21. Nf1
Bxf1 22. Rxf1 Nxe3 23. fxe3 Bxe3+ 24. Kg2 Qe4+ 25. Qf3 f5 26. Qxe4 fxe4 27.
Bb3+ Kh8 28. Rxf8+ Rxf8 29. Re1 Bg5 30. Rxe4 g6 31. Bd1 Kg7 32. Bf3 Bc1 33. Re2
Rf6 34. b3 Kf7 35. c4 Rd6 36. c5 Rxd4 37. Bxc6 Rd2 38. Rxd2 Bxd2 39. Bb7 Ba5
40. Bxa6 b4 41. Kf3 Ke6 42. Ke4 Kd7 43. Kd5 Bd8 44. Be2 Bg5 45. Bf3 h5 46. Be4
h4 47. gxh4 Bxh4 48. Bxg6 Bf2 49. Kc4 Be1 50. Be4 Kc7 51. Kb5 Bd2 52. h4 Be1
53. h5 Bd2 54. Ka4 Kb8 55. a3 bxa3 56. Kxa3 Kc7 57. Ka4 Kb8 58. b4 Bh6 59. b5
Be3 60. Kb4 Bf4 61. Kc4 Kc8 62. Kd5 Bg5 63. Ke6 Be3 64. c6 1-0

[Event "Michigan Open"]
[Site "Troy, Mich."]
[Date "1980.09.01"]
[Round "7"]
[White "Moody, David"]
[Black "VanCamp, Wayne"]
[Result "0-1"]
[WhiteElo "1854"]
[BlackElo "1979"]
[PlyCount "96"]
[EventDate "1980.08.29"]

1. e4 c5 2. Nf3 d6 3. d4 cxd4 4. Nxd4 Nf6 5. Nc3 a6 6. Bg5 Nbd7 7. f4 Qb6 8.
Qd2 Qxb2 9. Nb3 Qa3 10. Bxf6 Nxf6 11. e5 Nd7 12. Nd5 Kd8 13. Rd1 e6 14. Ne3 d5
15. Be2 Qb4 16. Qxb4 Bxb4+ 17. Kf2 Ke7 18. c4 dxc4 19. Nxc4 f6 20. exf6+ gxf6
21. a3 Bc5+ 22. Nxc5 Nxc5 23. Nb6 Rb8 24. Rc1 Nd7 25. Nxd7 Bxd7 26. Rc7 Rhc8
27. Rhc1 Rxc7 28. Rxc7 Kd6 29. Rc3 Rg8 30. Rh3 Rg7 31. Bd3 f5 32. Re3 Bc6 33.
g3 Bd5 34. Re5 Rc7 35. Re3 Rc1 36. h4 h6 37. Be2 Rb1 38. Rc3 Rb3 39. Rxb3 Bxb3
40. Ke3 Kc5 41. Bd3 b5 42. Be2 a5 43. g4 fxg4 44. Bxg4 b4 45. axb4+ axb4 46. f5
e5 47. Ke4 Kd6 48. Bh5 Bc2+ 0-1

[Event "Trenton Quads (September)"]
[Site "Trenton, Mich."]
[Date "1980.09.21"]
[Round "1"]
[White "Sadowski, Ken"]
[Black "Moody, David"]
[Result "1-0"]
[WhiteElo "1891"]
[BlackElo "1854"]
[PlyCount "63"]
[EventDate "1980.09.21"]

1. d4 Nf6 2. Nf3 g6 3. Nc3 d5 4. Bf4 c6 5. e3 Bg7 6. Bd3 Nbd7 7. h4 Nh5 8. Bh2
e6 9. Qe2 c5 10. Nb5 e5 11. dxe5 c4 12. e6 Qa5+ 13. c3 cxd3 14. exd7+ Bxd7 15.
Nd6+ Kf8 16. Qxd3 Be6 17. Ng5 Qb6 18. O-O Rd8 19. Nxe6+ fxe6 20. Nb5 e5 21. f4
e4 22. Qe2 a6 23. Nd4 Bxd4 24. cxd4 Ke7 25. f5 Rc8 26. Qg4 Rhg8 27. Qg5+ Kd7
28. fxg6 Qxg6 29. Qxd5+ Ke8 30. Rf2 Nf6 31. Qe6+ Kd8 32. Qxf6+ 1-0

[Event "Trenton Quads (September)"]
[Site "Trenton, Mich."]
[Date "1980.09.21"]
[Round "3"]
[White "Moody, David"]
[Black "Pray, Don"]
[Result "1/2-1/2"]
[WhiteElo "1854"]
[BlackElo "1955"]
[PlyCount "101"]
[EventDate "1980.09.21"]

1. e4 e6 2. d4 d5 3. Be3 dxe4 4. f3 exf3 5. Nxf3 Nf6 6. Bd3 Nbd7 7. O-O Be7 8.
Nbd2 c5 9. c3 cxd4 10. cxd4 Nb6 11. Ne5 Nbd5 12. Bb5+ Kf8 13. Bg5 Nc7 14. Ba4
Qxd4+ 15. Kh1 Qxe5 16. Bf4 Qd4 17. Bxc7 Nd5 18. Ba5 Ne3 19. Bc3 Qd5 20. Qe2
Nxf1 21. Rxf1 Bd7 22. Bb3 Bb5 23. Rxf7+ Kxf7 24. Qf2+ Bf6 25. Bxd5 exd5 26. Qf5
Rad8 27. Nf3 Bd7 28. Ng5+ Ke7 29. Bb4+ Ke8 30. Qxd5 Rc8 31. Qe4+ Kd8 32. Nf7+
Kc7 33. Bd6+ Kb6 34. Qe3+ Ka6 35. Nxh8 Rxh8 36. Qa3+ Kb6 37. Qb4+ Ka6 38. a4
Rc8 39. Qf4 Bxb2 40. Qf1+ b5 41. Bf4 Rc4 42. axb5+ Bxb5 43. h4 Be5 44. Qxc4
Bxc4 45. Bxe5 g6 46. Kh2 Kb5 47. Kg3 a5 48. Kf4 Kb4 49. Kg5 Bd3 50. Kh6 g5 51.
Kxg5 1/2-1/2

[Event "Trenton Quads (September)"]
[Site "Trenton, Mich."]
[Date "1980.09.21"]
[Round "2"]
[White "Jackson, James"]
[Black "Moody, David"]
[Result "1/2-1/2"]
[WhiteElo "1773"]
[BlackElo "1854"]
[PlyCount "140"]
[EventDate "1980.09.21"]

1. e4 e5 2. Nf3 Nc6 3. d4 exd4 4. Bc4 Nf6 5. e5 d5 6. Bb5 Ne4 7. Nxd4 Bd7 8.
Bxc6 bxc6 9. O-O Bc5 10. Be3 Qe7 11. f4 O-O 12. Nd2 Nxd2 13. Qxd2 Bb6 14. Nf3
Bxe3+ 15. Qxe3 Qb4 16. Qd4 Qxd4+ 17. Nxd4 c5 18. Nf3 Rab8 19. b3 Rb4 20. g3 a5
21. Ne1 Bf5 22. Nd3 Bxd3 23. cxd3 Rfb8 24. Rac1 R4b5 25. Rc2 a4 26. bxa4 Ra5
27. Rfc1 Rxa4 28. Rxc5 Rxa2 29. Rxc7 g6 30. Rc8+ Rxc8 31. Rxc8+ Kg7 32. Rc5 Kh6
33. Rxd5 Kh5 34. h3 h6 35. e6+ f5 36. e7 Rb2 37. e8=Q Rb1+ 38. Kf2 Rf1+ 39. Ke3
Re1+ 40. Kd4 Rxe8 41. g4+ Kh4 42. gxf5 gxf5 43. Rxf5 Kxh3 44. Re5 Rf8 45. Rh5+
Kg4 46. Rxh6 Kxf4 47. Re6 Rd8+ 48. Kc3 Rc8+ 49. Kd2 Kf5 50. Re4 Rc5 51. Ke3 Re5
52. Rxe5+ Kxe5 53. d4+ Kd5 54. Kd3 Kd6 55. Ke4 Ke6 56. d5+ Kd6 57. Kd4 Kd7 58.
Ke5 Ke7 59. d6+ Kd7 60. Kd5 Kd8 61. Kd4 Kd7 62. Ke5 Kd8 63. Ke6 Ke8 64. Kd5 Kd7
65. Kc5 Kd8 66. Kc4 Kd7 67. Kc5 Kd8 68. Kc6 Kc8 69. d7+ Kd8 70. Kb7 Kxd7
1/2-1/2

[Event "Michigan Team Championship"]
[Site "Romulus, Mich."]
[Date "1980.11.01"]
[Round "3"]
[White "Shavalier, John"]
[Black "Moody, David"]
[Result "1/2-1/2"]
[WhiteElo "1933"]
[BlackElo "1924"]
[PlyCount "21"]
[EventDate "1980.11.01"]

1. e4 e6 2. d4 c5 3. dxc5 Bxc5 4. Nf3 Nf6 5. Bd3 Nc6 6. c3 e5 7. c4 d6 8. h3
Be6 9. Qe2 h6 10. Nc3 O-O 11. Bd2 1/2-1/2

[Event "Michigan Team Championship"]
[Site "Romulus, Mich."]
[Date "1980.11.01"]
[Round "2"]
[White "Moody, David"]
[Black "Fairclough, Neil"]
[Result "1/2-1/2"]
[WhiteElo "1924"]
[BlackElo "1960"]
[PlyCount "26"]
[EventDate "1980.11.01"]

1. e4 c5 2. Nf3 d6 3. d4 cxd4 4. Nxd4 Nf6 5. Nc3 g6 6. Be3 Bg7 7. f3 Nc6 8. Qd2
O-O 9. Bc4 Nd7 10. h4 Na5 11. Bxf7+ Rxf7 12. Ne6 Qe8 13. Nd5 Ne5 1/2-1/2

[Event "Michigan Team Championship"]
[Site "Romulus, Mich."]
[Date "1980.11.01"]
[Round "1"]
[White "Braak, Dairen"]
[Black "Moody, David"]
[Result "1/2-1/2"]
[WhiteElo "1849"]
[BlackElo "1924"]
[PlyCount "78"]
[EventDate "1980.11.01"]

1. d4 Nf6 2. c4 c5 3. Nf3 g6 4. dxc5 Qa5+ 5. Nc3 Ne4 6. Bd2 Nxd2 7. Qxd2 Qxc5
8. Rc1 Bg7 9. g3 d6 10. Bg2 Nc6 11. Nd5 Nb8 12. b4 Qc6 13. Nd4 Qd7 14. O-O O-O
15. b5 Qd8 16. Nb3 Nd7 17. Qe3 e6 18. Nb4 Qe7 19. Rfd1 Rd8 20. Nd5 Qf8 21. Nc7
Bh6 22. f4 Rb8 23. Qxa7 b6 24. a4 d5 25. c5 Rb7 26. Qa8 Rxc7 27. cxb6 Bb7 28.
Qxd8 Qxd8 29. bxc7 Qc8 30. Na5 Ba8 31. e4 Bf8 32. exd5 exd5 33. Bxd5 Bc5+ 34.
Rxc5 Nxc5 35. b6 Nxa4 36. Bxa8 Qe6 37. Rd8+ Kg7 38. c8=Q Qe1+ 39. Kg2 Qe2+
1/2-1/2